Normal view
MARC view
- Andrew B.Abel, Ben S. Bernanke
Entry Personal Name
001 - CONTROL NUMBER
- control field: 3170
003 - CONTROL NUMBER IDENTIFIER
- control field: OSt
005 - DATE AND TIME OF LATEST TRANSACTION
- control field: 20200614145213.0
008 - FIXED-LENGTH DATA ELEMENTS
- fixed length control field: 200614|| aca||aabn | a|a d
040 ## - CATALOGING SOURCE
- Original cataloging agency: OSt
- Transcribing agency: OSt
100 ## - HEADING--PERSONAL NAME
- Personal name: Andrew B.Abel, Ben S. Bernanke
670 ## - SOURCE DATA FOUND
- Source citation: Work cat.: (OSt): Abel, Andrew B. 3168, Macroeconomics , c1992
